000 00270nam a2200109Ia 4500
001 587525
005 20250717113817.0
008 250717s9999 xx 000 0 und d
245 0 _aX-11 TÜRETİCİ ÇOCUKLAR
_cÖZLEM YURT
260 _bBETA YAYINLARI
_c2020
300 _b75
999 _c587525
_d587525